| 000 | nam a22 7a 4500 | ||
|---|---|---|---|
| 999 |
_c329154 _d329154 |
||
| 003 | Nust | ||
| 005 | 20170425131057.0 | ||
| 008 | 170425b xxu||||| |||| 00| 0 eng d | ||
| 040 | _cDLC | ||
| 082 | _a 624.182 ABU | ||
| 100 | _aAbu saba, Elias G. | ||
| 245 | _aDesign of Steel Structures/ | ||
| 260 |
_aNew Delhi : _bCBS Publishers and Distributors, |
||
| 300 | _axiv, 391p. : | ||
| 942 |
_2ddc _cBK |
||